The promised Neverland : personnages par images - Statistiques

Statistiques générales
  • Ce quiz a été pris 32 fois
  • Le résultat moyen est 14 sur 32
Statistiques - réponses
Par images Réponse % Correct
emma
100%
norman
92%
isabella
73%
ray
73%
krone
69%
phil
69%
don
62%
conny
58%
gilda
58%
sonju
58%
mujika
50%
thoma
46%
zazie
46%
vincent
42%
anna
38%
lannion
38%
nat
38%
peter
38%
carol
35%
chris
35%
barbara
31%
yvette
31%
jemima
27%
alicia
23%
dominic
23%
james
23%
cislo
15%
mark
15%
sarah
15%
naila
12%
rossi
12%
sherry
12%
Aucun quiz correspondant
Distribution des résultats
% des personnes avec chaque résultat
Percentile par nombre de réponses
Votre historique - résultats
Vous n’avez pas pris ce quiz